| 000 | 00633nam a2200217Ia 4500 | ||
|---|---|---|---|
| 005 | 20250923145054.0 | ||
| 008 | 008 250917s9999 xx 000 0 eng d | ||
| 037 | _aTextual | ||
| 040 |
_aDSWL _beng _cDSWL |
||
| 041 |
_aeng _2eng |
||
| 084 |
_aY15:22:2.N55Tu, K7 _qDSWL |
||
| 100 |
_aBopegamage, A. _9831503 |
||
| 245 | 0 |
_aStatus images in changing India _cby A. Bopegamage |
|
| 260 |
_aBombay _bManakalas _c1967 |
||
| 300 | _axv,194p. | ||
| 365 |
_aINR _b20.00 |
||
| 700 |
_aP.V. Veeraraghavan _9831504 |
||
| 925 | _g20.00 | ||
| 942 |
_cTEXL _hY15:22:2.N55Tu, K7 |
||
| 999 |
_c1446762 _d1446762 |
||